| 000 | 00416nam a22001337a 4500 | ||
|---|---|---|---|
| 008 | 160830b xxu||||| |||| 00| 0 eng d | ||
| 050 | _aHD58.7.C52 | ||
| 110 |
_aOtt, Steven J. _eed. _925565 |
||
| 245 |
_aClassic readings in organizational behavior _c/edited by Steven J.Ott |
||
| 260 |
_aBelmont _bWadsworth _c1989 |
||
| 300 |
_aviii,638 _c23cm. |
||
| 650 |
_aOrganizational behavior _923443 |
||
| 942 |
_2lcc _cMONOGRAPH |
||
| 999 |
_c125166 _d125166 |
||